Central Library OPAC University of Rajshahi

Investment in Indian education, uneconomic? / (Record no. 33500)

MARC details
000 -LEADER
fixed length control field 01093nam a2200301 a 4500
001 - CONTROL NUMBER
control field 33500
003 - CONTROL NUMBER IDENTIFIER
rucl marc code BD-RjUL
005 - DATE AND TIME OF LATEST TRANSACTION
control field 20211209052023.0
008 - FIXED-LENGTH DATA ELEMENTS--GENERAL INFORMATION
fixed length control field 840210s1979 dcua b 000 0 eng
035 ## - SYSTEM CONTROL NUMBER
System control number (BD-RjUL)33591
040 ## - CATALOGING SOURCE
Original cataloging agency DLC
Transcribing agency DLC
Modifying agency DLC
-- BD-RjUL
Language of cataloging eng
041 ## - LANGUAGE CODE
Language code of text/sound track or separate title eng
082 00 - DEWEY DECIMAL CLASSIFICATION NUMBER
Classification number 370.954
Edition number 19
Author mark and year HEI 1979
100 1# - MAIN ENTRY--PERSONAL NAME
Personal name Heyneman, Stephen P.
9 (RLIN) 108067
245 10 - TITLE STATEMENT
Title Investment in Indian education, uneconomic? /
Statement of responsibility, etc. Prepared by Stephen P. Heyneman with the assistance of Pamela Cope Mintz.
260 ## - PUBLICATION, DISTRIBUTION, ETC. (IMPRINT)
Place of publication, distribution, etc. Washington, D.C., U.S.A. (1818 H St., N.W., Washington 20433) :
Name of publisher, distributor, etc. World Bank,
Date of publication, distribution, etc. c1979.
300 ## - PHYSICAL DESCRIPTION
Pagination 56, 2 Leaves :
Illustrations ill. ;
Size 28 cm.
500 ## - GENERAL NOTE
General note "May 1979."
504 ## - BIBLIOGRAPHY, ETC. NOTE
Bibliography, etc Bibliography: Leaves 18-23.
650 #0 - SUBJECT ADDED ENTRY--TOPICAL TERM
Topical term or geographic name as entry element Education
General subdivision Economic aspects
Geographic subdivision India.
9 (RLIN) 16222
Topical term or geographic name as entry element Education
Geographic subdivision India
General subdivision Finance.
9 (RLIN) 111339
700 1# - ADDED ENTRY--PERSONAL NAME
Personal name Mintz, Pamela Cope, Jt. auth.
830 ## - SERIES ADDED ENTRY--UNIFORM TITLE
Uniform title World Bank staff working paper ; no. 327
942 ## - ADDED ENTRY ELEMENTS (KOHA)
Source of classification or shelving scheme Dewey Decimal Classification
Koha item type Documents
Holdings
Lost status Source of classification or shelving scheme Damaged status Not for loan Collection code Permanent Location Current Location Shelving location Date acquired Source of acquisition Cost, normal purchase price Total Checkouts Full call number Date last seen Copy number Koha item type
  Dewey Decimal Classification   Not For Loan Non-fiction Central Library, University of Rajshahi Central Library, University of Rajshahi Documentation Section 25/08/1987 World Bank 0.00   DOC 370.954 HEI 1979 06/07/2014 C-1 Documents